Name the Anime When Given Character Names Quiz Stats

 Plays Quiz not verified by Sporcle

Challenge
Share
Tweet
Embed
Score 0/50 Timer 15:00
0 Plays Today
Characters Answer % Correct
Light, L, MisaDeath Note
99%
Mikasa, Armin, ErenShingeki no Kyojin
94.1%
Kirito, Asuna, SinonSword Art Online
87%
Ciel, Claude, AloisKuroshitsuji
82.4%
Yuuri, Viktor, PhitchitYuri!!! On Ice
81.2%
Suzaku, Kallen, LelouchCode Geass: Lelouch of the Rebellion
79.9%
Kaneki, Touka, HideTokyo Ghoul
79.3%
Spike, Edward, FayeCowboy Bebop
79.1%
Yato, Hiyori, YukineNoragami
74.5%
Alucard, Zorin, VictoriaHellsing
73%
Izaya, Celty, ShizuoDurarara
72%
Nagisa, Karma, IrinaAnsatsu Kyoushitsu
69.7%
Akise, Yukiteru, YunoMirai Nikki
67.6%
Shinji, Rei, NagisaNeon Genesis Evangelion
67.4%
Maka, Crona, TsubakiSoul Eater
65.5%
Haruhi, Yuki, KyonThe Melancholy of Haruhi Suzumiya
64.9%
Makoto, Haru, ReiFree!
62.8%
Decim, Nona, ChiyukiDeath Parade
61.1%
Josuke, Dio, Lisa LisaJojo's Bizarre Adventure
59.2%
Oikawa, Nishinoya, HinataHaikyuu
57.1%
Jibril, Shiro, StephanieNo Game No Life
57.1%
Tatsumi, Leone, BulatAkame ga Kill
54.2%
Kaoru, Mori, HaruhiOuran Koukou Host Club
52.3%
Okabe, Mayuri, DaruSteins;Gate
50.6%
Rin, Shima, MoriyamaAo no Exorcist
45.2%
Characters Answer % Correct
Matoi, Mako, SatsukiKill la Kill
44.1%
Dazai, Atsushi, AkutagawaBungou Stray Dogs
40.4%
Sakakibara, Mei, AkazawaAnother
39.7%
Oz, Xerxes, AlicePandora Hearts
39.1%
Lisa, Twelve, ShibazakiZankyou no Terror
36.6%
Akane, Kogami, KagariPsycho-pass
36%
Kitamura, Aisaka, KawashimaToradora
34.9%
Takumi, Misaki, HinataKaichou wa Maid-Sama
34.1%
Chika, You, RikuLove Live Sunshine
32.8%
Chane, Firo, EnnisBaccano!
32.8%
Nanami, Tomoe, MikageKamisama Hajimemashita
29.3%
Tohru, Kamui, LucoaKobayashi-San chi no Maid Dragon
29.1%
Kohta, Nana, YukaElfen Lied
24.7%
Sven, Eve, TrainBlack Cat
24.5%
Tomoko, Tomoki, YuuWatashi ga Motenai no wa Dou Kangaetemo Omaera ga Warui!
23%
Rei, Takashi, TakagiHigh school of the Dead
19.7%
Nyaruko, Yasaka, HasutaHaiyore! Nyaruko-San!
17.6%
Usagi, Misaki, ShinobuJunjou Romantica
16.1%
Izumi, Ryouma, ReiLove Stage
15.5%
Seiko, Izayoi, MakotoDanganronpa 3: Mirai hen
14.9%
Naomi, Yuka, SeikoCorpse Party
14.2%
Juugo, Nico, UnoNanbaka
13.2%
Ren, Haru, AkiSuper Lovers
12.1%
Kai, Heine, BrunoOushitsu Kyoushi Haine
9.4%
Mato, Kotari, TakanashiBlack ★ Rock Shooter
4.8%

You're not logged in!

Compare scores with friends on all Sporcle quizzes.
OR
Log In

You Might Also Like...

Show Comments

Extras

Top Quizzes Today


Score Distribution

Your Account Isn't Verified!

In order to create a playlist on Sporcle, you need to verify the email address you used during registration. Go to your Sporcle Settings to finish the process.

Report this User

Report this user for behavior that violates our Community Guidelines.

Details: